Fundamentals of statistics (Record no. 1797)
| 000 -LEADER | |
|---|---|
| fixed length control field | 00563nam a22001817a 4500 |
| 003 - CONTROL NUMBER IDENTIFIER | |
| control field | OSt |
| 005 - DATE AND TIME OF LATEST TRANSACTION | |
| control field | 20150512155629.0 |
| 008 - FIXED-LENGTH DATA ELEMENTS--GENERAL INFORMATION | |
| fixed length control field | 150512b xxu||||| |||| 00| 0 eng d |
| 050 ## - LIBRARY OF CONGRESS CALL NUMBER | |
| Classification number | QA276 .M8 1969 |
| 100 ## - MAIN ENTRY--PERSONAL NAME | |
| Personal name | Mulholland, H. (Henry) |
| 245 ## - TITLE STATEMENT | |
| Title | Fundamentals of statistics |
| Statement of responsibility, etc | [by] H. Mulholland [and] C. R. Jones |
| 260 ## - PUBLICATION, DISTRIBUTION, ETC. (IMPRINT) | |
| Place of publication, distribution, etc | New York, |
| Name of publisher, distributor, etc | Plenum Press |
| Date of publication, distribution, etc | [1969, c1968] |
| 300 ## - PHYSICAL DESCRIPTION | |
| Extent | x, 291 p. |
| Other physical details | illus. |
| Dimensions | 22 cm |
| 650 ## - SUBJECT ADDED ENTRY--TOPICAL TERM | |
| Topical term or geographic name as entry element | Mathematical statistics |
| 650 ## - SUBJECT ADDED ENTRY--TOPICAL TERM | |
| Topical term or geographic name as entry element | Distribution (Probability theory) |
| 700 ## - ADDED ENTRY--PERSONAL NAME | |
| Personal name | Jones, C. R. (Colin Reeves) |
| 942 ## - ADDED ENTRY ELEMENTS (KOHA) | |
| Source of classification or shelving scheme | |
| Koha item type | Book |
| Withdrawn status | Lost status | Source of classification or shelving scheme | Damaged status | Not for loan | Home library | Current library | Shelving location | Date acquired | Total Checkouts | Total Renewals | Full call number | Barcode | Date last seen | Date checked out | Copy number | Price effective from | Koha item type |
|---|---|---|---|---|---|---|---|---|---|---|---|---|---|---|---|---|---|
| Riara University Library | Riara University Library | General stack | 12/05/2015 | 5 | 1 | QA276 .M8 1969 | 5696/15 | 27/02/2025 | 10/02/2025 | C.1 | 12/05/2015 | Book |
